Television Womances Quiz Stats

Quiz Updated Jun 15, 2018

Challenge
Share
Tweet
Score 0/20 Timer 07:00
0 Plays Today
% Correct
The Flintstones (Betty & Wilma)
96.6%
Friends (Rachel, Phoebe, & Monica)
96.1%
The Golden Girls (Sophia, Dorothy, Blanche & Rose)
94.1%
Sex And The City (Miranda, Charlotte, Samantha & Carrie)
93.8%
I Love Lucy (Lucy & Ethel)
93.2%
2 Broke Girls (Caroline & Max)
92.2%
Parks And Recreation (Ann & Leslie)
85.8%
Charlie's Angels (Kelly, Jill & Sabrina)
84.6%
30 Rock (Liz & Jenna)
84.4%
Gilmore Girls (Rory & Lorelai)
81.2%
% Correct
Laverne & Shirley (Shirley & Laverne)
70.9%
Blossom (Blossom & Six)
67.2%
The Mary Tyler Moore Show (Rhoda & Mary)
64.2%
Daria (Daria & Jane)
57.9%
Cagney & Lacey (Cagney & Lacey)
57.8%
Absolutely Fabulous (Edina & Patsy)
43.6%
Rizzoli & Isles (Jane & Maura)
43.2%
Kate & Allie (Kate & Allie)
40.6%
Transparent (Marcy & Maura)
34%
Broad City (Abbi & Ilana)
24.7%

You're not logged in!

Compare scores with friends on all Sporcle quizzes.
Join for Free
OR
Log In

You Might Also Like...

Show Comments

Extras

Top Quizzes Today


Score Distribution

Your Account Isn't Verified!

In order to create a playlist on Sporcle, you need to verify the email address you used during registration. Go to your Sporcle Settings to finish the process.

Report this User

Report this user for behavior that violates our Community Guidelines.

Details: